Congo: RC or DRC? - Statistics

General Stats
  • This quiz has been taken 26 times
  • The average score is 8 of 12
Answer Stats
Question Answer % Correct
Has the higher population Democratic Republic of the Congo
100%
Lies on the equator Both
80%
Formerly a colony of Belgium Democratic Republic of the Congo
80%
Its highest mountain is over 5,000m high Democratic Republic of the Congo
80%
Has the higher GDP per capita Republic of the Congo
80%
Its flag uses the Pan-African colours of red, yellow and green Republic of the Congo
80%
Is more democratic Republic of the Congo
80%
Has a higher Human Development Index Republic of the Congo
80%
Its capital city lies on the Congo River Both
60%
Has competed in the football World Cup Democratic Republic of the Congo
40%
Its capital city was the namesake of a proposed sequel to Casablanca Republic of the Congo
40%
Che Guevara fought with Marxist rebels there Democratic Republic of the Congo
20%
No matching quizzes found
Score Distribution
Percent of People with Each Score
Percentile by Number Answered
Your Score History
You have not taken this quiz